Frankreich : Autokarte. 1 : 1 000 000

Salvato in:
Dettagli Bibliografici
Natura: Mappa
Lingua:tedesco
Pubblicazione: Wien : Freytag-Berndt, 1996
Soggetti:
Tags: Aggiungi Tag
Nessun Tag, puoi essere il primo ad aggiungerne!!

MARC

LEADER 00000nem a22000003a 4500
001 stu115510
005 20150408182226.9
008 060330s1996----au------------------ger-d
040 |a STU  |b slo 
041 0 |a ger 
044 |a au 
245 |a Frankreich :  |b Autokarte. 1 : 1 000 000 
260 |a Wien :  |b Freytag-Berndt,  |c 1996 
300 |a mapa 
650 7 |a Automapy  |2 stusub 
996 |b 284EB00492  |c E*Zs-1411  |l EE0101  |s P  |a 0  |w stu115510_0001